[Event "32nd WCh U20 Girls"]
[Site "Pune IND"]
[Date "2014.10.12"]
[Round "7.16"]
[White "Ni Shiqun"]
[Black "Barbosa, Larissa Ichimura"]
[Result "1-0"]
[WhiteElo "2312"]
[BlackElo "1975"]
[EventDate "2014.10.06"]
[PlyCount "89"]

1.e4 e6 2.d4 d5 3.Nd2 Nf6 4.e5 Nfd7 5.Bd3 c5 6.c3 Nc6 7.Ne2 cxd4 8.cxd4 f6
9.Nf4 Nxd4 10.Qh5+ Ke7 11.exf6+ Nxf6 12.Ng6+ hxg6 13.Qxh8 Kf7 14.O-O e5 
15.Nb3 Nf5 16.Bg5 Be6 17.Rac1 e4 18.Be2 Bd6 19.Qxd8 Rxd8 20.g4 Ne7 21.f3 
exf3 22.Bxf3 Be5 23.Nc5 Bc8 24.Nd3 Bd4+ 25.Kg2 Nc6 26.b4 a6 27.a4 Ne5 28.
Rc7+ Kg8 29.Bxf6 gxf6 30.Bxd5+ Rxd5 31.Rxc8+ Kg7 32.Rc7+ Kh6 33.Nxe5 Bxe5 
34.Rxb7 Rd4 35.h3 Rd3 36.Rf3 Rd2+ 37.Kf1 Ra2 38.a5 Rb2 39.Rb6 Kg5 40.Rxa6 
Rxb4 41.Ra3 Bb2 42.Ra2 Bd4 43.Re6 Kh4 44.a6 Rb8 45.Kg2 1-0

[Event "32nd WCh U20 Girls"]
[Site "Pune IND"]
[Date "2014.10.12"]
[Round "7.17"]
[White "Varga, Klara"]
[Black "Madhurima, Shekhar"]
[Result "0-1"]
[WhiteElo "2232"]
[BlackElo "2000"]
[EventDate "2014.10.06"]
[PlyCount "90"]

1.e4 e6 2.d4 d5 3.Nd2 c5 4.Ngf3 cxd4 5.Nxd4 Nf6 6.exd5 exd5 7.Bd3 Bc5 8.
N2f3 Bg4 9.O-O O-O 10.Nb3 Bb6 11.h3 Bh5 12.Bg5 h6 13.Bh4 g5 14.Bg3 Ne4 15.
Be5 Nc6 16.Bh2 f5 17.c4 g4 18.Nfd2 Nxf2 19.Rxf2 Bxf2+ 20.Kh1 d4 21.Qe2 Be3
22.Nf1 Qg5 23.Ng3 Bg6 24.Nc5 Rae8 25.hxg4 fxg4 26.Nce4 Qh4 27.c5 Bxe4 28.
Bxe4 Bf2 29.Qd3 Bxg3 30.Bd5+ Kg7 31.Qxg3 Qxg3 32.Bxg3 Re3 33.Kh2 Rf5 34.
Bxc6 bxc6 35.Bd6 d3 36.Rd1 Rf2 37.b4 Rxa2 38.b5 cxb5 39.c6 Rc2 40.c7 a5 
41.Rd2 Re2 42.Rxd3 Rxg2+ 43.Kh1 Rge2 44.Rd1 b4 45.Bg3 b3 0-1

[Event "32nd WCh U20 Girls"]
[Site "Pune IND"]
[Date "2014.10.12"]
[Round "7.18"]
[White "Khaled, Mouna"]
[Black "Harshita, Guddanti"]
[Result "1/2-1/2"]
[WhiteElo "2191"]
[BlackElo "1925"]
[EventDate "2014.10.06"]
[PlyCount "128"]

1.d4 Nf6 2.Nf3 e6 3.e3 d5 4.Bd3 Be7 5.Ne5 O-O 6.Nd2 c5 7.c3 b6 8.f4 Bb7 9.
Qf3 Nc6 10.O-O Bd6 11.g4 Ne7 12.g5 Nd7 13.Qh3 g6 14.Ng4 Nf5 15.Nf3 c4 16.
Bc2 f6 17.Bd2 Qe7 18.Rae1 fxg5 19.fxg5 Bc7 20.e4 dxe4 21.Bxe4 Bxe4 22.Rxe4
Qd6 23.Rfe1 Ng7 24.Nfe5 Nxe5 25.Nxe5 Rae8 26.Rh4 Nh5 27.Rhe4 Qd5 28.Ng4 
Kg7 29.Qg2 Qd6 30.Qe2 Nf4 31.Bxf4 Rxf4 32.Nf6 Re7 33.Rxe6 Rxe6 34.Qxe6 
Qxe6 35.Rxe6 Bd8 36.Rd6 Bxf6 37.Rd7+ Kg8 38.gxf6 Rxf6 39.Rxa7 Rf5 40.Rc7 
Rb5 41.Rxc4 Rxb2 42.a4 h5 43.Rb4 Rc2 44.Rxb6 Rxc3 45.Rxg6+ Kf7 46.Rg5 Rc4 
47.Rxh5 Rxd4 48.Ra5 Rd2 49.Ra8 Ra2 50.a5 Kg7 51.a6 Kh7 52.a7 Kg7 53.h4 Kh7
54.h5 Kg7 55.h6+ Kh7 56.Kf1 Ra1+ 57.Ke2 Ra3 58.Kd2 Ra2+ 59.Kc3 Ra1 60.Kb3 
Ra6 61.Kc4 Ra1 62.Kd5 Rd1+ 63.Ke4 Re1+ 64.Kf3 Ra1 1/2-1/2

[Event "32nd WCh U20 Girls"]
[Site "Pune IND"]
[Date "2014.10.12"]
[Round "7.19"]
[White "Zarkovic, Mila"]
[Black "Aakanksha, Hagawane"]
[Result "1-0"]
[WhiteElo "2136"]
[BlackElo "1918"]
[EventDate "2014.10.06"]
[PlyCount "105"]

1.e4 e5 2.Nf3 Nc6 3.Bb5 a6 4.Ba4 Nf6 5.O-O b5 6.Bb3 Bc5 7.c3 d6 8.d4 Bb6 
9.a4 Rb8 10.axb5 axb5 11.Na3 O-O 12.Nxb5 Bg4 13.d5 Ne7 14.Bc2 Qe8 15.Qe2 
Nxe4 16.Qxe4 Bf5 17.Qe2 Bxc2 18.Nxd6 cxd6 19.Qxc2 Nxd5 20.Rd1 Qb5 21.Ng5 
g6 22.Ne4 f5 23.c4 Qc6 24.Nxd6 Nb4 25.Qe2 e4 26.Bf4 Rbd8 27.c5 Qxc5 28.Be3
Qc2 29.Rd2 Qc6 30.Bxb6 Qxb6 31.Qc4+ Kg7 32.Qe6 Qc7 33.Nb5 Qc8 34.Qe7+ Kg8 
35.Qxb4 Rxd2 36.Qxd2 Rd8 37.Qc3 Qd7 38.Qc4+ Kh8 39.g3 Rc8 40.Qd4+ Qxd4 41.
Nxd4 Rb8 42.Rb1 Rb4 43.Nc2 Rc4 44.Ne3 Rb4 45.b3 Kg7 46.Nc2 Rb5 47.b4 Kh6 
48.Na3 Rb6 49.b5 Rb8 50.b6 Kg5 51.b7 Kg4 52.Nc4 Kh3 53.Na5 1-0

[Event "32nd WCh U20 Girls"]
[Site "Pune IND"]
[Date "2014.10.12"]
[Round "7.20"]
[White "Ivekovic, Tihana"]
[Black "Vantika, Agrawal"]
[Result "1-0"]
[WhiteElo "2122"]
[BlackElo "1842"]
[EventDate "2014.10.06"]
[PlyCount "123"]

1.d4 Nf6 2.c4 g6 3.Nc3 Bg7 4.e4 d6 5.Be2 O-O 6.Nf3 e5 7.O-O Nc6 8.d5 Ne7 
9.Ne1 Nd7 10.Bd2 f5 11.Nd3 Nf6 12.f3 f4 13.Rc1 g5 14.c5 Ng6 15.Nb5 Rf7 16.
cxd6 cxd6 17.Qc2 Ne8 18.Nf2 h5 19.h3 Bf8 20.Qb3 Rg7 21.Rc3 a6 22.Na3 Nh4 
23.Rfc1 Bd7 24.Be1 Rb8 25.Nc2 Nf6 26.a4 g4 27.fxg4 hxg4 28.hxg4 Nxg4 29.
Nxg4 Bxg4 30.Bxg4 Rxg4 31.Bxh4 Qxh4 32.Ne1 Bh6 33.Nf3 Qf6 34.Rc8+ Rxc8 35.
Rxc8+ Bf8 36.Qxb7 Qg6 37.Qe7 Qg7 38.Qe6+ Kh7 39.Qf5+ Kg8 40.Rxf8+ Qxf8 41.
Qxg4+ Kf7 42.Qf5+ Ke7 43.Qxf8+ Kxf8 44.b4 Ke7 45.Kf2 Kd7 46.g3 fxg3+ 47.
Kxg3 Ke7 48.Kg4 Kf6 49.Nd2 Ke7 50.Kf5 Kd7 51.Kf6 Kd8 52.Ke6 Kc7 53.Nc4 Kb7
54.Kxd6 Ka7 55.Ke7 a5 56.d6 axb4 57.d7 b3 58.d8=Q b2 59.Qb6+ Ka8 60.Na5 
b1=Q 61.Qxb1 Ka7 62.Qb7# 1-0

[Event "32nd WCh U20 Girls"]
[Site "Pune IND"]
[Date "2014.10.12"]
[Round "7.22"]
[White "Mahasweta, Kumar"]
[Black "Michelle Catherina"]
[Result "0-1"]
[WhiteElo "1847"]
[BlackElo "2114"]
[EventDate "2014.10.06"]
[PlyCount "104"]

1.e4 e5 2.Nf3 Nc6 3.Bb5 a6 4.Ba4 Nf6 5.O-O Nxe4 6.Re1 Nc5 7.Bxc6 dxc6 8.
Nxe5 Be7 9.d4 Ne6 10.c3 O-O 11.Be3 f6 12.Nd3 Rf7 13.Nd2 a5 14.Nf3 Nf8 15.
Nf4 Ne6 16.Nd3 b6 17.Qc2 Ba6 18.c4 Nf8 19.Nf4 Qd7 20.Rad1 Bb4 21.Re2 Re8 
22.Nd3 Be7 23.Rde1 Ng6 24.Bd2 Rd8 25.b3 c5 26.Nf4 Nxf4 27.Bxf4 cxd4 28.Qd3
Bb7 29.Bg3 Bf8 30.Nh4 Re7 31.Rxe7 Bxe7 32.Nf5 Bf8 33.h3 c5 34.Bh4 Re8 35.
Rxe8 Qxe8 36.Qg3 g5 37.f4 h6 38.fxg5 hxg5 39.Bxg5 fxg5 40.Qxg5+ Kh7 41.
Qh4+ Kg6 42.Qg4+ Kf6 43.Ng3 Qe1+ 44.Nf1 Qe4 45.Qg8 Bg7 46.Qd8+ Kg6 47.Qd6+
Kh7 48.Qg3 d3 49.Qg5 Bh6 50.Qg3 d2 51.Nxd2 Qe3+ 52.Kh2 Bf4 0-1

[Event "32nd WCh U20 Girls"]
[Site "Pune IND"]
[Date "2014.10.12"]
[Round "7.23"]
[White "Imeeva, Aysa"]
[Black "Potluri, Supreetha"]
[Result "0-1"]
[WhiteElo "2077"]
[BlackElo "1738"]
[EventDate "2014.10.06"]
[PlyCount "112"]

1.e4 c5 2.Nf3 e6 3.d4 cxd4 4.Nxd4 Nc6 5.Nc3 Qc7 6.a3 a6 7.Be2 Nf6 8.O-O 
Be7 9.Kh1 O-O 10.f4 d6 11.Be3 Bd7 12.Qe1 Nxd4 13.Bxd4 Bc6 14.Qg3 Rad8 15.
Bd3 Rd7 16.Qh3 g6 17.f5 e5 18.Be3 Qd8 19.Rae1 b5 20.Bh6 Re8 21.Re3 Nh5 22.
Ref3 Bg5 23.fxg6 hxg6 24.Bxg5 Qxg5 25.Nd5 f5 26.c4 Bxd5 27.cxd5 Nf4 28.Qg3
Qxg3 29.Rxg3 Nxd3 30.Rxd3 fxe4 31.Rg3 Kg7 32.Re1 Rc7 33.h4 Rh8 34.Rxe4 
Rc1+ 35.Kh2 Rd1 36.Reg4 Rh6 37.b4 Rxd5 38.Kg1 Rd1+ 39.Kf2 Kf6 40.Rf3+ Ke6 
41.Rfg3 Kd5 42.Ke2 Rc1 43.Rd3+ Ke6 44.Kf2 Rc4 45.Kg3 Rxg4+ 46.Kxg4 e4 47.
Rc3 Kd5 48.a4 Rh5 49.axb5 axb5 50.Rc1 Rf5 51.Kg3 e3 52.Rd1+ Kc4 53.Rxd6 
Re5 54.Rc6+ Kd3 55.Rd6+ Kc2 56.Kf4 Re8 0-1

[Event "32nd WCh U20 Girls"]
[Site "Pune IND"]
[Date "2014.10.12"]
[Round "7.24"]
[White "Tarini, Goyal"]
[Black "Azimova, Karina"]
[Result "1-0"]
[WhiteElo "1868"]
[BlackElo "2063"]
[EventDate "2014.10.06"]
[PlyCount "87"]

1.d4 d6 2.c4 e5 3.Nf3 e4 4.Ng5 f5 5.Nc3 Nf6 6.e3 Be7 7.Be2 O-O 8.O-O c6 9.
b4 d5 10.Qb3 Kh8 11.cxd5 Nxd5 12.Nxd5 cxd5 13.Nh3 Be6 14.f3 Nd7 15.fxe4 
fxe4 16.Nf4 Bg8 17.Bd2 Nf6 18.Be1 Rc8 19.Bg3 Bd6 20.a3 Qd7 21.Qa2 Rc3 22.
Qd2 Rfc8 23.Bd1 a5 24.bxa5 Bxa3 25.Qe2 Be7 26.Bh4 Bf7 27.g4 Ne8 28.Ba4 Qd8
29.Be1 R3c7 30.a6 b6 31.Qf2 Nd6 32.h4 Nc4 33.g5 Ra7 34.Bb3 Qd6 35.Bxc4 
Rxc4 36.Qg2 Qd8 37.Kh1 Bd6 38.g6 Bg8 39.gxh7 Bxh7 40.Nxd5 Be7 41.Rf7 g5 
42.Rxe7 Rxe7 43.Nxe7 Qxe7 44.a7 1-0

[Event "32nd WCh U20 Girls"]
[Site "Pune IND"]
[Date "2014.10.12"]
[Round "7.25"]
[White "Kurbonboeva, Sarvinoz"]
[Black "Tejaswini, Sagar"]
[Result "1-0"]
[WhiteElo "2212"]
[BlackElo "1876"]
[EventDate "2014.10.06"]
[PlyCount "71"]

1.d4 Nf6 2.c4 g6 3.Nc3 Bg7 4.e4 d6 5.Nf3 O-O 6.Be2 Na6 7.O-O e5 8.Be3 Ng4 
9.Bg5 Qe8 10.dxe5 dxe5 11.h3 h6 12.Bd2 Nf6 13.Be3 Qe7 14.Nd5 Qd6 15.Qc2 
Nb4 16.Nxb4 Qxb4 17.Nxe5 Nxe4 18.Qxe4 Bf5 19.Nd3 Qd6 20.Qf4 Qc6 21.Bd4 
Bxd4 22.Qxd4 Rad8 23.Qc3 Rfe8 24.Bf3 Qd6 25.Nb4 c6 26.Rad1 Qc7 27.Nc2 Qe7 
28.Ne3 Be6 29.Ng4 Bxg4 30.Bxg4 f5 31.Bf3 g5 32.Bh5 Rf8 33.Rxd8 Rxd8 34.Re1
Qd6 35.c5 Qd5 36.Qf6 1-0

[Event "32nd WCh U20 Girls"]
[Site "Pune IND"]
[Date "2014.10.12"]
[Round "7.26"]
[White "Krumova, Ani"]
[Black "Mahalakshmi, Muganda Kumar"]
[Result "0-1"]
[WhiteElo "1998"]
[BlackElo "1997"]
[EventDate "2014.10.06"]
[PlyCount "92"]

1.Nf3 d5 2.c4 e6 3.b3 Nf6 4.g3 b6 5.Bg2 Bb7 6.O-O dxc4 7.bxc4 Bd6 8.Bb2 
O-O 9.d3 Nbd7 10.Nbd2 Qe7 11.Re1 Ba3 12.Bc3 Bb4 13.Bb2 e5 14.Nxe5 Nxe5 15.
Bxb7 Rad8 16.Rc1 Neg4 17.Bf3 Ne3 18.fxe3 Qxe3+ 19.Kg2 Bxd2 20.Rf1 Bxc1 21.
Bxc1 Qd4 22.Qd2 Rfe8 23.Bb2 Qe3 24.Qc3 Qg5 25.Rf2 Ng4 26.h4 Qg6 27.Bxg4 
Qxg4 28.e4 f6 29.Qc2 c5 30.Rf5 Re6 31.Bc1 Re5 32.Rf3 Qd7 33.Bf4 Re7 34.Bc1
Qd6 35.Bf4 Qe6 36.Qc3 Red7 37.e5 fxe5 38.Bxe5 Qg6 39.d4 cxd4 40.Qb3 Qe6 
41.Bf4 d3 42.Re3 Qc6+ 43.Kh2 d2 44.Qd1 Qxc4 45.Re5 Rc8 46.Re2 Qxe2+ 0-1

[Event "32nd WCh U20 Girls"]
[Site "Pune IND"]
[Date "2014.10.12"]
[Round "7.27"]
[White "Caballero Quijano, Mitzy Mishell"]
[Black "Parnali, S. Dharia"]
[Result "1-0"]
[WhiteElo "1961"]
[BlackElo "1904"]
[EventDate "2014.10.06"]
[PlyCount "69"]

1.d4 Nf6 2.Nf3 g6 3.c4 Bg7 4.g3 d6 5.Bg2 O-O 6.O-O Nbd7 7.Nc3 e5 8.e4 exd4
9.Nxd4 Nc5 10.h3 Re8 11.Re1 Bd7 12.f3 Qc8 13.Kh2 Ne6 14.Be3 h5 15.Nce2 Nh7
16.Qc2 h4 17.g4 Qd8 18.Rad1 Nxd4 19.Bxd4 Bxd4 20.Rxd4 Qf6 21.Qd2 Ng5 22.
Nf4 Bc6 23.Rd3 Re7 24.b4 Qe5 25.Kh1 a6 26.Nd5 Bxd5 27.Rxd5 Nxf3 28.Rxe5 
Nxd2 29.Rxe7 Rc8 30.c5 dxc5 31.Rd7 Nc4 32.bxc5 Ne5 33.Rd5 f6 34.Red1 Kf7 
35.Rd8 1-0

[Event "32nd WCh U20 Girls"]
[Site "Pune IND"]
[Date "2014.10.12"]
[Round "7.28"]
[White "Bakshi, Rutuja"]
[Black "Liu Manli"]
[Result "0-1"]
[WhiteElo "1959"]
[BlackElo "2039"]
[EventDate "2014.10.06"]
[PlyCount "126"]

1.d4 Nf6 2.Nf3 d5 3.e3 e6 4.Bd3 Be7 5.Nbd2 O-O 6.O-O c5 7.c3 b6 8.Qe2 Bb7 
9.e4 dxe4 10.Nxe4 Nbd7 11.Rd1 cxd4 12.Nxd4 Nxe4 13.Bxe4 Bxe4 14.Qxe4 Nf6 
15.Qe2 Qc7 16.g3 Rfd8 17.Bf4 Qb7 18.Bg5 Rac8 19.Bxf6 Bxf6 20.Nf3 h6 21.Nd2
b5 22.Ne4 Be7 23.f3 Qc6 24.Kg2 a5 25.Rac1 Rd5 26.Rxd5 exd5 27.Nd2 Bf6 28.
Qd3 b4 29.Nb1 bxc3 30.Nxc3 Qb7 31.Rc2 Bxc3 32.bxc3 Rc5 33.Re2 Qc6 34.Re3 
Rc4 35.Kf2 g6 36.Kg2 Kg7 37.Kf1 Qc5 38.Qd2 Ra4 39.Re2 Ra3 40.Qf4 Qxc3 41.
Kf2 Qf6 42.Qxf6+ Kxf6 43.f4 Rc3 44.Rb2 a4 45.Ke2 h5 46.Rd2 Ke6 47.Kd1 Kd6 
48.Rd4 Ra3 49.Rd2 Kc5 50.Rf2 Kc4 51.Kc1 d4 52.Kb2 Rc3 53.f5 a3+ 54.Kb1 g5 
55.f6 Kd3 56.Rf5 Kd2 57.Rf2+ Ke3 58.Rf5 d3 59.Rf1 d2 60.h4 Ke2 61.Rh1 
d1=Q+ 62.Rxd1 Kxd1 63.hxg5 Rc1# 0-1

[Event "32nd WCh U20 Girls"]
[Site "Pune IND"]
[Date "2014.10.12"]
[Round "7.29"]
[White "Bengtsson, Jessica"]
[Black "Turkova, Karolina"]
[Result "1-0"]
[WhiteElo "1943"]
[BlackElo "2033"]
[EventDate "2014.10.06"]
[PlyCount "81"]

1.e4 c5 2.c3 d5 3.exd5 Qxd5 4.d4 g6 5.Be3 cxd4 6.cxd4 Bg7 7.Nc3 Qa5 8.Nf3 
Nh6 9.Qb3 O-O 10.Bc4 Nc6 11.d5 Nb4 12.a3 Na6 13.O-O Ng4 14.Bg5 Bf6 15.Bxf6
Nxf6 16.Rfe1 Qc5 17.Ne5 Bf5 18.d6 exd6 19.Nxf7 Ng4 20.Nh6+ Kh8 21.Nxg4 
Bxg4 22.Ne4 Qd4 23.Re3 Nc5 24.Nxc5 dxc5 25.h3 Bf5 26.Rd1 Qf6 27.Qxb7 Rab8 
28.Qxa7 Rxb2 29.Rf3 Qe5 30.Re3 Qf4 31.Re2 Rxe2 32.Bxe2 Bxh3 33.Qxc5 Be6 
34.a4 Rc8 35.Qe7 Bb3 36.Rd7 Qh6 37.Rd8+ Rxd8 38.Qxd8+ Bg8 39.Qf6+ Qg7 40.
Qxg7+ Kxg7 41.a5 1-0

[Event "32nd WCh U20 Girls"]
[Site "Pune IND"]
[Date "2014.10.12"]
[Round "7.30"]
[White "Ananya, Suresh"]
[Black "Gagare, Shalmali"]
[Result "1-0"]
[WhiteElo "1853"]
[BlackElo "2088"]
[EventDate "2014.10.06"]
[PlyCount "61"]

1.e4 c6 2.Nc3 d5 3.Nf3 Nf6 4.e5 Ng8 5.d4 Bg4 6.h3 Bxf3 7.Qxf3 e6 8.Bd3 Nd7
9.Ne2 c5 10.c3 cxd4 11.cxd4 Bb4+ 12.Nc3 Ne7 13.O-O Bxc3 14.bxc3 Rc8 15.Bd2
Nb6 16.Bb5+ Nc6 17.Qg3 Rg8 18.f4 a6 19.Bd3 Nc4 20.Be1 g6 21.f5 Qe7 22.fxe6
fxe6 23.Bxc4 dxc4 24.Bd2 Kd7 25.Bg5 Qe8 26.d5 exd5 27.e6+ Qxe6 28.Rae1 Ne5
29.Rxe5 Qb6+ 30.Be3 Qb5 31.Rf7+ 1-0

[Event "32nd WCh U20 Girls"]
[Site "Pune IND"]
[Date "2014.10.12"]
[Round "7.31"]
[White "Fronda, Jan Jodilyn"]
[Black "Hinduja, Reddy"]
[Result "1-0"]
[WhiteElo "2127"]
[BlackElo "1934"]
[EventDate "2014.10.06"]
[PlyCount "99"]

1.e4 c5 2.Nf3 d6 3.c3 Nf6 4.Bd3 g6 5.Bc2 Bg7 6.O-O O-O 7.h3 Qc7 8.d4 b6 9.
Re1 Bb7 10.e5 dxe5 11.dxe5 Ne8 12.e6 f5 13.Na3 Nf6 14.Nb5 Qc6 15.c4 a6 16.
Nc3 Qc7 17.Bg5 Nc6 18.Bxf6 Bxf6 19.Nd5 Qd8 20.Ba4 Bg7 21.Bxc6 Bxc6 22.Qb3 
Bxd5 23.cxd5 Bf6 24.Rad1 Qd6 25.h4 b5 26.Ng5 Bxg5 27.hxg5 f4 28.g4 f3 29.
Re4 Rf4 30.Rde1 Rd8 31.Qd3 Rxe4 32.Rxe4 Qxd5 33.Qxf3 Rf8 34.Qe2 Qxa2 35.
Re5 Qb1+ 36.Kg2 c4 37.Rd5 Qc1 38.Qd2 Qb1 39.f3 c3 40.Qxc3 Qa2 41.Re5 Rd8 
42.Re2 Qd5 43.Qe3 Rd6 44.b4 Qc4 45.Qe4 Rd4 46.Qe5 Qxb4 47.Qb8+ Kg7 48.Qe8 
Rf4 49.Re4 Rf8 50.Qxf8+ 1-0

[Event "32nd WCh U20 Girls"]
[Site "Pune IND"]
[Date "2014.10.12"]
[Round "7.32"]
[White "Anjana Krishna, S."]
[Black "Bala Kannamma, P."]
[Result "1-0"]
[WhiteElo "1889"]
[BlackElo "2023"]
[EventDate "2014.10.06"]
[PlyCount "69"]

1.e4 c5 2.Nf3 e6 3.c4 a6 4.Nc3 Qc7 5.Be2 Nc6 6.O-O Nf6 7.b3 Nd4 8.Bb2 d6 
9.Re1 Be7 10.Nxd4 cxd4 11.Nb1 e5 12.d3 O-O 13.Nd2 b5 14.a3 bxc4 15.dxc4 
Bb7 16.Bd3 g6 17.Qc2 Nh5 18.g3 Qc6 19.Be2 Ng7 20.Bf3 Qb6 21.Qd3 f5 22.exf5
Nxf5 23.c5 dxc5 24.Rxe5 Bxf3 25.Nxf3 Qf6 26.Rae1 Ra7 27.R5e2 Qf7 28.Nd2 a5
29.Nc4 Bf6 30.a4 Bg7 31.Ba3 Qd5 32.Nb6 Qc6 33.Qc4+ Raf7 34.Bxc5 Rd8 35.Re6
1-0

[Event "32nd WCh U20 Girls"]
[Site "Pune IND"]
[Date "2014.10.12"]
[Round "7.33"]
[White "Fransson, Angelina"]
[Black "Munoz, Claudia"]
[Result "1-0"]
[WhiteElo "2019"]
[BlackElo "1906"]
[EventDate "2014.10.06"]
[PlyCount "69"]

1.e4 e6 2.d3 d5 3.Nd2 Nf6 4.Ngf3 Be7 5.g3 c5 6.Bg2 Nc6 7.O-O O-O 8.Re1 Qc7
9.e5 Nd7 10.Qe2 b5 11.Nf1 a5 12.h4 Ba6 13.Bf4 c4 14.d4 b4 15.c3 Rab8 16.
N1h2 Nb6 17.Ng5 bxc3 18.bxc3 h6 19.Qh5 hxg5 20.hxg5 Ba3 21.Ng4 Rfd8 22.
Nf6+ Kf8 23.Qh8+ Ke7 24.Qxg7 Rf8 25.g6 Kd8 26.Nh7 Nd7 27.Nxf8 Nxf8 28.Qf6+
Be7 29.g7 Bxf6 30.exf6 Qd7 31.gxf8=Q+ Qe8 32.Qxe8+ Kxe8 33.Bxb8 Nxb8 34.
Rab1 Nd7 35.Bxd5 1-0

[Event "32nd WCh U20 Girls"]
[Site "Pune IND"]
[Date "2014.10.12"]
[Round "7.34"]
[White "Djogteva, Jekaterina"]
[Black "Afraoui, Solenn"]
[Result "1-0"]
[WhiteElo "1754"]
[BlackElo "1989"]
[EventDate "2014.10.06"]
[PlyCount "91"]

1.e4 c5 2.Nf3 d6 3.Bb5+ Nd7 4.c3 Nf6 5.Qe2 a6 6.Ba4 b5 7.Bc2 Bb7 8.O-O e6 
9.Rd1 Rc8 10.d4 Qc7 11.Nbd2 cxd4 12.Nxd4 Be7 13.a3 O-O 14.Nf1 d5 15.exd5 
Nxd5 16.Rd3 N7f6 17.Rh3 Rfe8 18.Ng3 g6 19.Nxe6 Qd7 20.Ng5 Bxa3 21.Qd2 Bf8 
22.Bb3 Bg7 23.Rh4 Rcd8 24.Qc2 Re7 25.Bd2 Qc6 26.Nf3 Nc7 27.Bg5 Ne6 28.Ne4 
Nxg5 29.Nexg5 Qc7 30.Nd4 Qe5 31.Ngf3 Qc5 32.Rd1 Rde8 33.Kf1 Bxf3 34.Nxf3 
Re2 35.Qxe2 Rxe2 36.Kxe2 Qe7+ 37.Kf1 h6 38.Re1 Qc7 39.Ne5 g5 40.Rh3 Kf8 
41.Rd3 Bh8 42.Nxf7 Kg7 43.Rd8 Qxh2 44.Re7 Ng8 45.Rxg8+ Kxg8 46.Ne5+ 1-0

[Event "32nd WCh U20 Girls"]
[Site "Pune IND"]
[Date "2014.10.12"]
[Round "7.35"]
[White "Sunyasakta, Satpathy"]
[Black "Supriya, Joshi"]
[Result "0-1"]
[WhiteElo "1926"]
[BlackElo "1857"]
[EventDate "2014.10.06"]
[PlyCount "98"]

1.e4 e5 2.Nf3 Nc6 3.d4 exd4 4.Nxd4 Bb4+ 5.c3 Bc5 6.Be3 Bb6 7.Nd2 Nf6 8.f4 
d5 9.e5 Ng4 10.Bg1 f6 11.Bb5 O-O 12.Nxc6 bxc6 13.Bxc6 Bxg1 14.Rxg1 Ne3 15.
Qf3 Nc2+ 16.Kf2 Be6 17.Rac1 fxe5 18.Bxa8 Rxf4 19.Rxc2 Qxa8 20.Qxf4 exf4 
21.Nf3 Bf5 22.Re2 Qb7 23.Nd4 Bd3 24.Rd2 Be4 25.Re1 Qb6 26.c4 Qb4 27.Nb3 
Qxc4 28.Rc1 Qa6 29.Rxc7 Qb6+ 30.Rc5 a5 31.Ke1 a4 32.Rc8+ Kf7 33.Nd4 g5 34.
Rc6 Qa7 35.Kf1 Qa5 36.Rc3 a3 37.Ne2 d4 38.b4 Qxb4 39.Rxd4 Qb1+ 40.Rc1 Qb7 
41.g3 f3 42.Ng1 Qb2 43.Rc7+ Kg6 44.Rd6+ Kh5 45.Nxf3 Bxf3 46.Rxh7+ Kg4 47.
Re7 Qg2+ 48.Ke1 Qg1+ 49.Kd2 Qd1+ 0-1

[Event "32nd WCh U20 Girls"]
[Site "Pune IND"]
[Date "2014.10.12"]
[Round "7.36"]
[White "Divya Lakshmi, R."]
[Black "Terzidaki, Alexandra"]
[Result "1-0"]
[WhiteElo "1905"]
[BlackElo "1902"]
[EventDate "2014.10.06"]
[PlyCount "71"]

1.e4 e5 2.Nf3 Nc6 3.Bb5 Nge7 4.c3 g6 5.O-O Bg7 6.d4 exd4 7.cxd4 d5 8.exd5 
Nxd5 9.Re1+ Be6 10.Bg5 Qd6 11.Nbd2 O-O 12.Ne4 Qb4 13.Bxc6 bxc6 14.b3 Bg4 
15.Rc1 Rfe8 16.Rxc6 Bxf3 17.gxf3 h6 18.Rc4 Qb5 19.Rc5 Qd7 20.Bxh6 c6 21.
Bg5 f5 22.Ng3 Rxe1+ 23.Qxe1 Bxd4 24.Rc4 Re8 25.Qd2 Bb6 26.Ne2 Qh7 27.Rh4 
Qg7 28.Qc2 Qa1+ 29.Kg2 Qe1 30.Ng3 Qc3 31.Qxc3 Nxc3 32.Rc4 Nxa2 33.Rxc6 Kf7
34.Bd2 f4 35.Ne4 Re5 36.Rc2 1-0

[Event "32nd WCh U20 Girls"]
[Site "Pune IND"]
[Date "2014.10.12"]
[Round "7.37"]
[White "Samudin, Elina"]
[Black "Bidhar, Rutumbara"]
[Result "0-1"]
[WhiteElo "1623"]
[BlackElo "1780"]
[EventDate "2014.10.06"]
[PlyCount "100"]

1.e4 c5 2.Nc3 Nc6 3.d3 g6 4.g3 Bg7 5.Bg2 e6 6.f4 Nge7 7.Nf3 O-O 8.O-O d5 
9.e5 f6 10.exf6 Bxf6 11.Kh1 Nf5 12.Re1 Nfd4 13.Ne2 Nxf3 14.Bxf3 Qd6 15.Bg2
Bd7 16.Ng1 e5 17.Nf3 Bg4 18.h3 Bxf3 19.Bxf3 Qd7 20.Bg4 Qf7 21.c3 Rfe8 22.
f5 Ne7 23.fxg6 Nxg6 24.Rf1 Rad8 25.Bg5 Rd6 26.Qf3 Kg7 27.h4 Qe7 28.Bxf6+ 
Rxf6 29.Qxf6+ Qxf6 30.Rxf6 Kxf6 31.Rf1+ Ke7 32.Rf5 Rf8 33.h5 Rxf5 34.Bxf5 
Nf8 35.Kg2 h6 36.Kf3 Ne6 37.Bxe6 Kxe6 38.g4 Kf6 39.b3 Kg5 40.c4 e4+ 41.Ke3
d4+ 42.Kxe4 Kxg4 43.a3 Kxh5 44.Kf5 a5 45.Kf4 Kh4 46.Kf3 Kg5 47.Kg3 h5 48.
Kf3 h4 49.a4 b6 50.Kg2 Kf4 0-1

[Event "32nd WCh U20 Girls"]
[Site "Pune IND"]
[Date "2014.10.12"]
[Round "7.38"]
[White "Shristi Shetty, J."]
[Black "Salonika, Saina"]
[Result "1/2-1/2"]
[WhiteElo "1907"]
[BlackElo "1737"]
[EventDate "2014.10.06"]
[PlyCount "62"]

1.e4 c5 2.Nf3 d6 3.d3 Nc6 4.g3 g6 5.Bg2 Bg7 6.O-O e6 7.c3 e5 8.a3 a5 9.a4 
Nge7 10.Na3 O-O 11.Nb5 Bg4 12.h3 Bxf3 13.Bxf3 Kh8 14.Bg2 f5 15.exf5 Nxf5 
16.Kh2 Qd7 17.Qb3 Rad8 18.Bg5 Bf6 19.Bxf6+ Rxf6 20.Rae1 Rdf8 21.Na3 Ng7 
22.Kg1 Qc7 23.Nc4 Nf5 24.Nd2 h6 25.Bd5 Nfe7 26.Bg2 Nf5 27.Bd5 Nfe7 28.Bg2 
Nf5 29.Ne4 R6f7 30.Qe6 Nce7 31.g4 d5 1/2-1/2

[Event "32nd WCh U20 Girls"]
[Site "Pune IND"]
[Date "2014.10.12"]
[Round "7.39"]
[White "Cuvelier, Annelies"]
[Black "Lalaoui, Feriel"]
[Result "0-1"]
[WhiteElo "1619"]
[BlackElo "1739"]
[EventDate "2014.10.06"]
[PlyCount "98"]

1.e4 e5 2.Nf3 Nc6 3.Bb5 a6 4.Ba4 Nf6 5.O-O Be7 6.Re1 b5 7.Bb3 d6 8.c3 O-O 
9.d4 Bg4 10.d5 Na5 11.Bc2 c6 12.h3 Bc8 13.dxc6 Qc7 14.Nbd2 Qxc6 15.Nf1 Nc4
16.a4 Be6 17.Ng5 Bd7 18.Ne3 Nxe3 19.Rxe3 h6 20.Nf3 Be6 21.Qe2 Nd7 22.axb5 
axb5 23.Rxa8 Rxa8 24.Qd1 Ra1 25.Re1 Bf6 26.Bb3 Bxb3 27.Qxb3 Nc5 28.Qc2 
Nxe4 29.Qxe4 Qxe4 30.Rxe4 Rxc1+ 31.Kh2 Rc2 32.Rb4 Rxf2 33.Rxb5 e4 34.Rb8+ 
Kh7 35.Kg3 Rf1 36.Nd4 Be5+ 37.Kg4 Rf4+ 38.Kg3 Rf5+ 39.Kh4 Rf4+ 40.Kg3 Rf6+
41.Kg4 Rg6+ 42.Kf5 Rg5+ 43.Kxe4 d5+ 44.Kxd5 Bxb8+ 45.Kc6 Rxg2 46.b4 Be5 
47.Kd5 f6 48.b5 Rg3 49.c4 Rd3 0-1

[Event "32nd WCh U20 Girls"]
[Site "Pune IND"]
[Date "2014.10.14"]
[Round "8.1"]
[White "Goryachkina, Alexandra"]
[Black "Padmini, Rout"]
[Result "1-0"]
[WhiteElo "2430"]
[BlackElo "2331"]
[EventDate "2014.10.06"]
[PlyCount "67"]

1.d4 d5 2.c4 c6 3.Nc3 e6 4.Nf3 f5 5.Bf4 Nf6 6.e3 Bd6 7.Bd3 O-O 8.Qc2 Ne4 
9.O-O Be7 10.h3 Nd7 11.Rac1 g5 12.Bh2 h5 13.Ne2 Bd6 14.Bxe4 Bxh2+ 15.Nxh2 
dxe4 16.g4 hxg4 17.hxg4 Nf6 18.f3 Bd7 19.Nc3 Qc7 20.Qg2 exf3 21.Rxf3 Rf7 
22.Rcf1 Rg7 23.e4 Nxe4 24.Nxe4 fxe4 25.Rf6 e5 26.Qh3 Rh7 27.Rg6+ Kh8 28.
Rh6 Be6 29.dxe5 Bg8 30.e6 Rxh6 31.Qxh6+ Qh7 32.Qxg5 Re8 33.Qe5+ Qg7 34.
Qh5+ 1-0

[Event "32nd WCh U20 Girls"]
[Site "Pune IND"]
[Date "2014.10.14"]
[Round "8.2"]
[White "Pustovoitova, Daria"]
[Black "Iwanow, Anna"]
[Result "0-1"]
[WhiteElo "2354"]
[BlackElo "2279"]
[EventDate "2014.10.06"]
[PlyCount "78"]

1.d4 Nf6 2.c4 g6 3.g3 c6 4.Bg2 d5 5.Nf3 Bg7 6.O-O dxc4 7.a4 Ne4 8.Qc2 Nd6 
9.e4 Na6 10.Ne5 O-O 11.Rd1 Nb4 12.Qc3 a5 13.Be3 Nxe4 14.Bxe4 Bxe5 15.Qxc4 
Be6 16.Qe2 Bg7 17.Nc3 Nd5 18.Bf3 Qb6 19.Ne4 Rad8 20.Nc5 Bf5 21.Ra3 Bc8 22.
Rb3 Qc7 23.Rc1 Rfe8 24.Qc4 b6 25.Nd3 Be6 26.Qxc6 Qxc6 27.Rxc6 Nxe3 28.Rxe6
fxe6 29.fxe3 Rb8 30.Bc6 Red8 31.Bb5 Rbc8 32.Ba6 Rc6 33.Bb7 Rc2 34.Rxb6 
Rxd4 35.Ba6 Rxa4 36.Rb8+ Kf7 37.Nf2 Rxb2 38.Bb5 Ra1+ 39.Kg2 Raa2 0-1

[Event "32nd WCh U20 Girls"]
[Site "Pune IND"]
[Date "2014.10.14"]
[Round "8.4"]
[White "Khademalsharieh, Sarasadat"]
[Black "Furtado, Ivana Maria"]
[Result "1-0"]
[WhiteElo "2366"]
[BlackElo "2165"]
[EventDate "2014.10.06"]
[PlyCount "65"]

1.d4 Nf6 2.c4 e6 3.Nc3 Bb4 4.Bg5 h6 5.Bh4 c5 6.d5 d6 7.e3 Bxc3+ 8.bxc3 Qe7
9.Nf3 Nbd7 10.Be2 Nb6 11.O-O g5 12.Bg3 Ne4 13.Qd3 exd5 14.cxd5 Bf5 15.Qb5+
Bd7 16.Qd3 Bf5 17.Qb5+ Kf8 18.c4 h5 19.h4 Nxg3 20.fxg3 Qxe3+ 21.Rf2 g4 22.
Ng5 Bg6 23.Qb2 Kg8 24.Rf1 Re8 25.Kh2 Qe5 26.Qa3 Re7 27.Qxa7 Nc8 28.Qa3 Kg7
29.Bd3 Rf8 30.Bxg6 Kxg6 31.Rf6+ Kg7 32.Qd3 Rh8 33.Rxf7+ 1-0